Handbook of Medical Imaging : Volume-2 Medical image processing and analysis (Part 1 of 2) (Record no. 12145)
[ view plain ]
| 000 -LEADER | |
|---|---|
| fixed length control field | 00642nam a22001577a 4500 |
| 020 ## - INTERNATIONAL STANDARD BOOK NUMBER | |
| International Standard Book Number | 9780819477606 |
| 082 ## - DEWEY DECIMAL CLASSIFICATION NUMBER | |
| Classification number | 616.0754 |
| 100 ## - MAIN ENTRY--PERSONAL NAME | |
| Personal name | Sonka, Milan |
| 245 ## - TITLE STATEMENT | |
| Title | Handbook of Medical Imaging : Volume-2 Medical image processing and analysis (Part 1 of 2) |
| 260 ## - PUBLICATION, DISTRIBUTION, ETC. | |
| Place of publication, distribution, etc. | USA |
| Name of publisher, distributor, etc. | SPIE Press |
| Date of publication, distribution, etc. | 2009 |
| 300 ## - PHYSICAL DESCRIPTION | |
| Extent | xxxi, 565 p. |
| Other physical details | ill. ; |
| 500 ## - GENERAL NOTE | |
| General note | Includes bibliographical references and index. |
| 650 ## - SUBJECT ADDED ENTRY--TOPICAL TERM | |
| Topical term or geographic name entry element | 1. Diagnostic imaging--Handbooks. 2. Health Physics--Handbooks. 3. Image processing, computer-assisted--Handbooks. 4. Psychophysics--Handbooks. 5 Technology, Radiologic--Handbooks. |
| 700 ## - ADDED ENTRY--PERSONAL NAME | |
| Personal name | Fitzpatrick, J. Michael |
| 942 ## - ADDED ENTRY ELEMENTS (KOHA) | |
| Koha item type | Book |
| Withdrawn status | Lost status | Damaged status | Not for loan | Collection code | Permanent Location | Current Location | Shelving location | Date acquired | Source of acquisition | Cost, normal purchase price | Total Checkouts | Full call number | Barcode | Date last seen | Date last checked out | Price effective from | Koha item type |
|---|---|---|---|---|---|---|---|---|---|---|---|---|---|---|---|---|---|
| Central Library (CL) | Central Library (CL) | General Stacks | 07/19/2013 | Allied Book Company | 6905.40 | 2 | 616.0754 SON | SEECS012646 | 06/07/2015 | 12/08/2014 | 07/19/2013 | Book |
